000 00586nam a2200181Ia 4500
003 GCL
008 140319s9999 xx 000 0 ara d
040 _aGCL /
_cGCL
082 0 4 _a818
_bم ق
100 1 _aمحمد رجب البيومى
245 1 0 _aقطرات المداد: ط 1 /
_cمحمد رجب البيومى
260 _a[S.N] :
_bالنادى الادبى الثقافى ،
_c1992
300 _a407 ص
490 _aكتاب النادى الادبى الثقافى
_v0
650 0 4 _aالادب العربى
650 0 4 _aمقالات ومحاضرات
942 _2ddc
_cBK
999 _c52808
_d52808